| 000 | 00996nas a2200313 4500 | ||
|---|---|---|---|
| 001 | BR2017000211 | ||
| 003 | BR-BrBNA | ||
| 005 | 20231205130823.0 | ||
| 007 | ta | ||
| 008 | 230509b bl.|||p| |||| 00| 00por d | ||
| 040 |
_aBR-BrBNA _bpor _cBiblioteca Nacional de Agricultura |
||
| 041 | _a(En) | ||
| 072 | _aK10; F02 | ||
| 100 | 1 | _aHoullou, L.M. | |
| 100 | 1 | _aSouza, R.A. de | |
| 100 | 1 | _aSantos, E.C.P. dos | |
| 100 | 1 | _aSilva, J.J.P. da | |
| 100 | 1 | _aBarbosa, M.R. | |
| 100 | 1 | _aSauvé, J.P.G. | |
| 100 | 1 | _aWolfgang, H. | |
| 245 | 1 | _aClonal propagation of neem (Azadirachta indica A. Juss)via direct and indirect in vitro regeneration | |
| 650 | _aNIM | ||
| 650 | _aMICROPROPAGAÇÃO | ||
| 650 | _aREGENERAÇÃO | ||
| 773 | 0 |
_tRevista Árvore (Brazil) _xISSN 1806-9088 _g(May-Jun 2015), v. 39(3) p. 439-445 _wBR2017000211 |
|
| 856 | 4 | 0 | _uhttp://www.scielo.br/pdf/rarv/v39n3/0100-6762-rarv-39-03-0439.pdf |
| 909 |
_a202311 _bLúcia _c55 _dLúcia Elande |
||
| 942 |
_2AGRIS _n0 _cANA |
||
| 999 |
_c251453 _d251453 |
||